Democracia sustentable (Record no. 15696)

MARC details
000 -LEADER
campo de control de longitud fija 01331nmc a2200469 a 4500
003 - IDENTIFICADOR DE NÚMERO DE CONTROL
campo de control AR-BaBNM
005 - FECHA Y HORA DE LA ÚLTIMA TRANSACCIÓN
campo de control 20251128210510.0
008 - DATOS DE LONGITUD FIJA--INFORMACIÓN GENERAL
campo de control de longitud fija 160020s1998 ||||||||||||||000 | spa||
020 ## - NÚMERO INTERNACIONAL ESTÁNDAR DEL LIBRO
Número Internacional Estándar del Libro 950-12-8903-6
040 ## - FUENTE DE CATALOGACIÓN
Centro/agencia transcriptor AR-BaBNM
245 10 - MENCIÓN DEL TÍTULO
Título Democracia sustentable
250 ## - MENCION DE EDICION
Mención de edición 1ª ed.
260 ## - PUBLICACIÓN, DISTRIBUCIÓN, ETC.
Lugar de publicación, distribución, etc. Buenos Aires
Nombre del editor, distribuidor, etc. Paidós
Fecha de publicación, distribución, etc. 1998
300 0# - DESCRIPCIÓN FÍSICA
Extensión 193 p.
490 #0 - MENCIÓN DE SERIE
Mención de serie Latinoamericana
Designación de volumen o secuencia v. 3
500 0# - NOTA GENERAL
Nota general Contiene índice temático y de autores
504 ## - NOTA DE BIBLIOGRAFÍA, ETC.
Nota de bibliografía, etc. Nota Bibliografía para consultar
650 #4 - PUNTO DE ACCESO ADICIONAL DE MATERIA--TÉRMINO DE MATERIA
Término de materia o nombre geográfico como elemento de entrada REFORMA DEL ESTADO
650 #4 - PUNTO DE ACCESO ADICIONAL DE MATERIA--TÉRMINO DE MATERIA
Término de materia o nombre geográfico como elemento de entrada RELACIONES INTERNACIONALES
650 #4 - PUNTO DE ACCESO ADICIONAL DE MATERIA--TÉRMINO DE MATERIA
Término de materia o nombre geográfico como elemento de entrada INVERSIONES EXTRANJERAS
650 #4 - PUNTO DE ACCESO ADICIONAL DE MATERIA--TÉRMINO DE MATERIA
Término de materia o nombre geográfico como elemento de entrada DEMOCRACIA
650 #4 - PUNTO DE ACCESO ADICIONAL DE MATERIA--TÉRMINO DE MATERIA
Término de materia o nombre geográfico como elemento de entrada INVESTIGACION SOCIOLOGICA
650 #4 - PUNTO DE ACCESO ADICIONAL DE MATERIA--TÉRMINO DE MATERIA
Término de materia o nombre geográfico como elemento de entrada POLITICA GUBERNAMENTAL
650 #4 - PUNTO DE ACCESO ADICIONAL DE MATERIA--TÉRMINO DE MATERIA
Término de materia o nombre geográfico como elemento de entrada ECONOMIA LIBRE
653 #0 - TÉRMINO DE INDIZACIÓN--NO CONTROLADO
Término no controlado PRIVATIZACIONES
700 1# - ENTRADA AGREGADA--NOMBRE PERSONAL
Nombre de persona Przeworski, Adam
700 1# - ENTRADA AGREGADA--NOMBRE PERSONAL
Nombre de persona Bardhan, Pranab
700 1# - ENTRADA AGREGADA--NOMBRE PERSONAL
Nombre de persona Bresser Pereira, Luiz Carlos
700 1# - ENTRADA AGREGADA--NOMBRE PERSONAL
Nombre de persona Bruszt, László
700 1# - ENTRADA AGREGADA--NOMBRE PERSONAL
Nombre de persona Choi, Jang Jip
700 1# - ENTRADA AGREGADA--NOMBRE PERSONAL
Nombre de persona Turkish Comisso, Ellen
700 1# - ENTRADA AGREGADA--NOMBRE PERSONAL
Nombre de persona Di Tella, Torcuato S.
700 1# - ENTRADA AGREGADA--NOMBRE PERSONAL
Nombre de persona Kolarska-Bobinska, Lena
700 1# - ENTRADA AGREGADA--NOMBRE PERSONAL
Nombre de persona Maravall, José María
700 1# - ENTRADA AGREGADA--NOMBRE PERSONAL
Nombre de persona O'Donnell, Guillermo
700 1# - ENTRADA AGREGADA--NOMBRE PERSONAL
Nombre de persona Roemer, John E.
700 1# - ENTRADA AGREGADA--NOMBRE PERSONAL
Nombre de persona Stallings, Bárbara
700 1# - ENTRADA AGREGADA--NOMBRE PERSONAL
Nombre de persona Weffort, Francisco
700 1# - ENTRADA AGREGADA--NOMBRE PERSONAL
Nombre de persona Mazzuca, Sebastián
Término indicativo de función/relación traductor
942 ## - ELEMENTOS DE ENTRADA SECUNDARIOS (KOHA)
Tipo de ítem Koha Libros
998 ## - INFORMACIÓN DE CONTROL LOCAL (RLIN)
Iniciales del catalogador, CIN (RLIN) Mariana
Holdings
Estatus retirado Estado de pérdida Fuente de la clasificación o esquema de estantería Estado de daño No para préstamo Biblioteca de origen Biblioteca actual Fecha de adquisición Total de préstamos Signatura topográfica completa Código de barras Visto por última vez Precio de reemplazo Tipo de ítem Koha
    Clasificación Decimal Dewey     Liberty Liberty 28/11/2025   321 PRZ 122179 28/11/2025 28/11/2025 Libros
    Clasificación Decimal Dewey     Liberty Liberty 28/11/2025   321 PRZ 122177 28/11/2025 28/11/2025 Libros